Egy régi dal reminiszcenciák /

Elmentve itt :
Bibliográfiai részletek
Szerző: Belányi György
Dokumentumtípus: Cikk
Megjelent: 1990-05-20
Sorozat:Délmagyarország 80 No. 117
Online Access:http://dmarchiv.bibl.u-szeged.hu/92059
LEADER 00427nab a2200145 i 4500
001 delm92059
005 20190925104408.0
008 190925s1990 hu o 0|| hun d
040 |a SZTE Délmagyarország Archívum  |b hun 
041 |a hun 
100 1 |a Belányi György 
245 1 0 |a Egy régi dal  |h [elektronikus dokumentum] :  |b reminiszcenciák /  |c  Belányi György 
260 |c 1990-05-20 
300 |a 11 
490 0 |a Délmagyarország  |v 80 No. 117